Аспекты восприятия фотоизображений в авраамистических культурах: традиция антропоморфизма и проблемы ее модернизации; Вестник науки Сибири; № 2 (8)
| Parent link: | Вестник науки Сибири: электронный научный журнал/ Томский политехнический университет (ТПУ).— , 2011-.— 2226-0064 № 2 (8).— 2013.— [С. 116-120] |
|---|---|
| Автор: | |
| Інші автори: | |
| Резюме: | Заглавие с титульного листа Исследуются основные принципы и традиции восприятия изображений в авраамистических культурах. Рассматриваются представления об антропоморфных изображениях, распространенные у различных народов до возникновения монотеистических доктрин. Анализируются мнения современных богословов относительно фотографии и традиций отношения к изображениям и творчеству. Выявляются параметры, влияющие на отношение к антропоморфным фотоизображениям в авраамистических культурах. |
| Мова: | Російська |
| Опубліковано: |
2013
|
| Серія: | Общественные науки |
| Предмети: | |
| Онлайн доступ: | http://earchive.tpu.ru/handle/11683/16411 |
| Формат: | Електронний ресурс Частина з книги |
| KOHA link: | https://koha.lib.tpu.ru/cgi-bin/koha/opac-detail.pl?biblionumber=517791 |
MARC
| LEADER | 00000naa2a2200000 4500 | ||
|---|---|---|---|
| 001 | 517791 | ||
| 005 | 20231101105740.0 | ||
| 035 | |a (RuTPU)RU\TPU\prd\196016 | ||
| 035 | |a RU\TPU\prd\196015 | ||
| 090 | |a 517791 | ||
| 100 | |a 20130920d2013 k y0rusy50 ca | ||
| 101 | 0 | |a rus | |
| 102 | |a RU | ||
| 135 | |a drnn ---uucaa | ||
| 181 | 0 | |a i | |
| 182 | 0 | |a b | |
| 200 | 1 | |a Аспекты восприятия фотоизображений в авраамистических культурах: традиция антропоморфизма и проблемы ее модернизации |f К. Ю. Петрова, О. В. Хазанов | |
| 203 | |a Текст |c электронный | ||
| 215 | |a 1 файл (294 Кб) | ||
| 225 | 1 | |a Общественные науки | |
| 230 | |a Электронные текстовые данные (1 файл : 294 Кб) | ||
| 300 | |a Заглавие с титульного листа | ||
| 320 | |a [Библиогр.: с. 120 (8 назв.)] | ||
| 330 | |a Исследуются основные принципы и традиции восприятия изображений в авраамистических культурах. Рассматриваются представления об антропоморфных изображениях, распространенные у различных народов до возникновения монотеистических доктрин. Анализируются мнения современных богословов относительно фотографии и традиций отношения к изображениям и творчеству. Выявляются параметры, влияющие на отношение к антропоморфным фотоизображениям в авраамистических культурах. | ||
| 337 | |a Adobe Reader | ||
| 461 | 1 | |0 (RuTPU)RU\TPU\prd\143680 |x 2226-0064 |t Вестник науки Сибири |o электронный научный журнал |f Томский политехнический университет (ТПУ) |d 2011- | |
| 463 | 1 | |0 (RuTPU)RU\TPU\prd\195836 |t № 2 (8) |v [С. 116-120] |d 2013 | |
| 610 | 1 | |a религиоведение | |
| 610 | 1 | |a авраамистические религии | |
| 610 | 1 | |a авраамистические культуры | |
| 610 | 1 | |a творчество | |
| 610 | 1 | |a фотография | |
| 610 | 1 | |a иудаизм | |
| 610 | 1 | |a христианство | |
| 610 | 1 | |a ислам | |
| 610 | 1 | |a электронный ресурс | |
| 700 | 1 | |a Петрова |b К. Ю. |g Ксения Юрьевна | |
| 701 | 1 | |a Хазанов |b О. В. |g Олег Владимирович | |
| 801 | 1 | |a RU |b 63413507 |c 20090623 |g PSBO | |
| 801 | 2 | |a RU |b 63413507 |c 20180115 |g PSBO | |
| 856 | 4 | |u http://earchive.tpu.ru/handle/11683/16411 | |
| 942 | |c BK | ||